000 00270nam a2200109Ia 4500
008 200302s9999 xx 000 0 und d
100 _aJohn Dawes
245 _aDesign and Planning of Swimming Pools
260 _bThe Architectural Press
260 _c1979
300 _a276 P.,
999 _c258
_d258